La metamorfosis

Saved in:
Bibliografiske detaljer
Hovedforfatter: Kafka, Franz (Author)
Format: Bog
Sprog:spansk
Udgivet: Santiago Ceres 1988
Udgivelse:2a. ed
Fag:
Tags: Tilføj Tag
Ingen Tags, Vær først til at tagge denne postø!

MARC

LEADER 00000nam a2200000 a 4500
001 UCH6305
003 CL-VaPUC
008 091109e19880000CL |||||||||||||||||spa|d
082 0 4 |a 891.863  |b KAF  |2 21 
100 |a Kafka, Franz   |e author  |9 266293 
245 1 3 |a La metamorfosis 
250 |a 2a. ed 
300 |a 83 p 
942 |c BK 
945 |d 20091109 00:00:00  |a lazolas 
260 |a Santiago  |b Ceres  |c 1988 
650 7 |a RELATOS CHECOSLOVACOS  |2 CL-VaPUC  |9 542752 
650 0 |a Literatura checoslovaca  |9 349966 
583 |a last modification  |c 20091109 00:00:00  |k Rodrigo Vera 
999 |c 337220  |d 337218